| 000 | 00480nam a22001337a 4500 | ||
|---|---|---|---|
| 082 | _aMSIT-6 AHM | ||
| 100 |
_aAli Ahmad Malik _998544 |
||
| 245 | _aSelf-Adaptive access control & delegation in cloud computing | ||
| 260 |
_aIslamabad _bNUST-SEECS _c2016 |
||
| 300 |
_a71p. _b27cm. _eCD Includes |
||
| 500 | _aSupervisors: Dr. Shahzad Saleem, Ms. Hirra Anwar, Mr. Ubaid ur Rehman, Ms. Ayesha Kanwal | ||
| 856 | _uhttp://10.250.8.41:8080/xmlui/handle/123456789/6608 | ||
| 942 |
_cPR _2ddc |
||
| 999 |
_c13701 _d13701 |
||